Score 0/25 Timer 06:00
1 Play Today
% Correct
Friends
97.8%
Batman
95.8%
Baywatch
93.3%
Scrubs
92.8%
Seinfeld
89.2%
LOST
88%
Cheers
85.9%
Lassie
85%
Frasier
83%
Glee
78.5%
Dexter
75.9%
Roseanne
75%
Monk
72.6%
% Correct
Bewitched
71.1%
Bones
70.7%
Dallas
66.2%
Taxi
63.8%
Charmed
59.4%
Community
56.3%
Heroes
54.8%
Weeds
52.2%
Bonanza
52.1%
Blossom
48.5%
Coach
46.7%
Dynasty
41.8%
Remove Ads.
Support Sporcle.
Get the best of Sporcle when you Go Orange. This ad-free experience offers more features, more stats, and more fun while also helping to support Sporcle. Thank you for becoming a member.

You're not logged in!

Compare scores with friends on all Sporcle quizzes.
OR
Log In

Show Comments

Extras

Top Quizzes Today


Score Distribution

Your Account Isn't Verified!

In order to create a playlist on Sporcle, you need to verify the email address you used during registration. Go to your Sporcle Settings to finish the process.

Report this User

Report this user for behavior that violates our Community Guidelines.

Details: